LEADER 01025nam a2200253 4500 001 000000358459 003 CaOOAMICUS 005 20240524124249.0 008 240522s1967 it 000 u ita r 040 $aSeMil$bita 100 1 $aThomas, Joseph,$c.$0(OLS)http://semarc/name/90839 240 10$aPeuple de Dieu et peuple de la terre.$0(OLS)http://semarc/title/448814 245 10$aPopolo di Dio e popoli della terra /$cP. J. Thomas. 264 1$aAssisi :$bCittadella,$c1967. 300 $a140 p. ;$c19 cm 490 1 $aNuove frontiere 650 4$aChiesa.$0(OLS)http://semarc/subject/3309 830 0$aNuove frontiere.$0(OLS)http://semarc/title/6287 850 $aSeMil 852 $aSeMil$W1$xVenegono$y1$m2D II 547$j248484$B249566$CSeMilBibl$Z2$F249566 $81 961 $aCitrini don Tullio - Omaggio 996 $6245$aPopolo di Dio e popoli della terra$9(OLS)http://semarc/title/448815 996 $6264$aAssisi :$bCittadella$9(OLS)http://semarc/publisher/29661 LEADER 01473nam a2200289 i 4500 001 000000246504 003 CaOOAMICUS 005 20220704102405.0 008 151113s1709 it u000 u ita u 013 $a225409 026 $al-e- 47i- tota quVe (3) 1709 (R) 040 $aSeMil$bita 100 1 $aGiussano, Giovanni Pietro,$d.$0(OLS)http://semarc/name/5381 245 10$aVita di S. Carlo Borromeo prete cardinale del tit. di S. Prassede arcivescovo di Milano scritta dal dottore Gio. Pietro Giussano .. 260 $aIn Brescia :$bDalle Stampe di Giammaria Rizzardi,$c1709. 300 $a[16], 536 [i.e. 526], [6] p. ;$c4°. 500 $aFront. stampato in rosso e nero. - Iniz., finalini xilogr. - Testo su due colonne 500 $aSegn.: a8 A-2I8 2K10. - Omesse nella num. le p. 256-265 600 04$aBorromeo, Carlo .$0(OLS)http://semarc/subject/690 700 1 $aRizzardi, Giammaria,$c.$0(OLS)http://semarc/name/12521 850 $aSeMil 852 $aSeMil$W1$xVenegono$y1$m3G IV 13 FA$j196850$B196850$CSeMilBibl$Z2$F207831 $8I 941 1 $a10 961 $aRecupero: Mantegazza 996 $6245$aVita di S. Carlo Borromeo prete cardinale del tit. di S. Prassede arcivescovo di Milano scritta dal dottore Gio. Pietro Giussano ..$9(OLS)http://semarc/title/348310 996 $6260$aIn Brescia :$bDalle Stampe di Giammaria Rizzardi$9(OLS)http://semarc/publisher/54705